=LDR 00000nam 2200000 4500 =001 INLIS000000000017153 =005 20130612112334 =008 ***********************************Ind** =035 ##$$0010-061300000017153 =041 ##$$a Ind =082 ##$$a 657.501 =090 ##$$a 657.501, Ria t =100 ##$$a Riahi, Ahmad =245 ##$$a Teori akuntansi, Ahmad Riahi ; penerjemah, Marwata SE =260 ##$$a 2000 $b Jakarta =300 ##$$a ...jil, 24 cm =650 ##$$a Akuntansi, Teori =850 ##$$a NBPNMAT =990 ##$$a 0001/BPAP-NTB/2016 =990 ##$$a 31493149 =990 ##$$a 20602958 =990 ##$$a 0001/BPAP-NTB/2016